000 01211cam a2200337 a 4500
999 _c118418
_d118418
001 14792397
003 OSt
005 20200616154905.0
008 070402s2007 ii ab b 001 0 eng
010 _a 2007394311
020 _a9788131600818
025 _aI-E-2007-394311; 68-92; 69-92
037 _bLibrary of Congress -- New Delhi Overseas Office
_cRs695.00
040 _aDLC
_cDLC
042 _alcode
043 _aa-ii---
050 0 0 _aDS422.C3
_bA799 2007
082 _a305.5680954 JOE
100 1 _aArun, C. Joe
_q(Chockalingam Joe),
_d1965-
245 1 0 _aConstructing dalit identity /
_cC. Joe Arun.
260 _aJaipur :
_bRawat Publications,
_c2007.
300 _axi, 328 p. :
_bill., maps ;
_c22 cm.
500 _aOriginally presented as the author's dissertation (doctoral)--Oxford University, 2003.
504 _aIncludes bibliographical references (p. [299]-323) and index.
520 _aWith special reference to Tamil Nadu, India.
650 0 _aDalits
_xPolitical activity
_zIndia
_zTamil Nadu.
650 0 _aDalits
_zIndia
_zTamil Nadu
_xPolitics and government.
906 _a7
_bcbc
_corigode
_d3
_encip
_f20
_gy-gencatlg
942 _2ddc
_cIR